UBT Library

Langman's medical embryology / (Record no. 44748)

000 -LEADER
fixed length control field 00675pam a2200253 a 4500
001 - CONTROL NUMBER
control field 4330421
005 - DATE AND TIME OF LATEST TRANSACTION
control field 20180312083757.0
008 - FIXED-LENGTH DATA ELEMENTS--GENERAL INFORMATION
fixed length control field 881219s1990 mdua b 001 0 eng c
010 ## - LIBRARY OF CONGRESS CONTROL NUMBER
LC control number 88036733
020 ## - INTERNATIONAL STANDARD BOOK NUMBER
International Standard Book Number 0683074938
040 ## - CATALOGING SOURCE
Original cataloging agency DNLM/DLC
Transcribing agency DLC
Modifying agency DLC
041 ## - LANGUAGE CODE
Language code of text/sound track or separate title eng
060 ## - NATIONAL LIBRARY OF MEDICINE CALL NUMBER
Classification number 612.64
080 ## - UNIVERSAL DECIMAL CLASSIFICATION NUMBER
Universal Decimal Classification number 612.64
082 00 - DEWEY DECIMAL CLASSIFICATION NUMBER
Classification number 612.64 SAD
Edition number 19
100 1# - Rafti
Rafti 4
101 ## - Shkurtesa
Shkurtesa SHM
240 10 - UNIFORM TITLE
Uniform title <a href="Medical embryology">Medical embryology</a>
245 10 - TITLE STATEMENT
Title Langman's medical embryology /
Statement of responsibility, etc original illustrations by Jill Leland.
504 ## - BIBLIOGRAPHY, ETC. NOTE
Bibliography, etc Includes bibliographies and index.
740 0# - ADDED ENTRY--UNCONTROLLED RELATED/ANALYTICAL TITLE
Uncontrolled related/analytical title Medical embryology.
906 ## - LOCAL DATA ELEMENT F, LDF (RLIN)
a 7
b cbc
c orignew
d 1
e ocip
f 19
g y-gencatlg
942 ## - ADDED ENTRY ELEMENTS (KOHA)
Source of classification or shelving scheme
Item type Books
Holdings
Withdrawn status Lost status Source of classification or shelving scheme Damaged status Not for loan Collection code Permanent location Current location Shelving location Date acquired Total Checkouts Full call number Barcode Date last seen Price effective from Koha item type
          Koleksioni i përgjithshem UBT - Lipjan UBT - Lipjan Koleksioni i përgjithshem 03/12/2018   612.64 SAD 002-3001790 03/12/2018 03/12/2018 Books
UBT Library © 2015-2024. All rights reserved University Education for Business and Technology